000 00393nam a2200181Ia 4500
001 15581
005 20260306170206.0
008 260306t2004||||xx |||||||||||||| ||und||
041 _aESP
082 _a547
_bW13 2004
100 _aWade, Leroy G.
_eAUT
245 0 _aQuímica orgánica
260 _c2004
300 _a
_c
650 _aGEN
654 _aCCN
942 _cLIB
_dJUS
_fJUS
_2ddc
_n
999 _c15581
_d15581